[Event "Junior Online 4NCL Division 2"]
[Site "online"]
[Date "2020.09.17"]
[Round "3.127"]
[White "Salussolia, Louis"]
[Black "Asensio, Tomas"]
[Result "1-0"]
[WhiteElo "1427"]
[BlackElo "1007"]
[PlyCount "71"]
[EventDate "2020.09.17"]
[WhiteTeam "May The Fork Be With You 1"]
[BlackTeam "Robin Hoods 3"]

1. e4 d6 2. d4 Nf6 3. Nc3 Nbd7 4. f4 e5 5. Nf3 exf4 6. Bxf4 Be7 7. e5 Ng4 8.
exd6 cxd6 9. Qe2 O-O 10. O-O-O Qb6 11. h3 Ngf6 12. Qxe7 Re8 13. Qxd6 Qxd6 14.
Bxd6 Re6 15. Bg3 Ne4 16. Nxe4 Rxe4 17. Bd3 Re7 18. Bd6 Re6 19. Rhe1 Rxe1 20.
Rxe1 g6 21. Re8+ Kg7 22. Be5+ Nxe5 23. Nxe5 Kh6 24. Nxf7+ Kg7 25. Nd6 Kf6 26.
Rxc8 Rxc8 27. Nxc8 Ke6 28. Nxa7 Kd6 29. Nb5+ Kc6 30. c4 g5 31. d5+ Kc5 32. b4+
Kxb4 33. d6 Kc5 34. d7 Kc6 35. d8=Q Kc5 36. Qd6# 1-0

[Event "Junior Online 4NCL Division 2"]
[Site "online"]
[Date "2020.09.17"]
[Round "3.128"]
[White "Stoyanov, Boris"]
[Black "Barbier-Ramaiah, Riya Aude"]
[Result "0-1"]
[WhiteElo "775"]
[BlackElo "1427"]
[PlyCount "76"]
[EventDate "2020.09.17"]
[WhiteTeam "Robin Hoods 3"]
[BlackTeam "May The Fork Be With You 1"]

1. e4 c6 2. d4 d5 3. Nc3 dxe4 4. Nxe4 Bf5 5. Bd3 Qxd4 6. Be3 Qxb2 7. Rb1 Qe5 8.
Nf3 Qa5+ 9. c3 Bxe4 10. Bxe4 Qxc3+ 11. Bd2 Qc4 12. Rb4 Qe6 13. O-O b6 14. Re1
Qxa2 15. Ra4 Qb2 16. Bc1 Qc3 17. Ra3 Qc4 18. Ra4 Qe6 19. Ng5 Qf6 20. Be3 h6 21.
Bd4 Qxg5 22. Be3 Qe5 23. f4 Qc7 24. Bc1 Nf6 25. Bf5 e6 26. Bb1 Bc5+ 27. Kh1 O-O
28. f5 exf5 29. Rf1 Nbd7 30. Rxf5 Rfe8 31. Rh4 Re5 32. Bxh6 Rxf5 33. Bxf5 gxh6
34. Rxh6 Kg7 35. Rh3 Rd8 36. Rg3+ Kf8 37. Qa4 Qd6 38. Qh4 Qd1# 0-1

[Event "Junior Online 4NCL Division 2"]
[Site "online"]
[Date "2020.09.17"]
[Round "3.131"]
[White "Khanna, Pranav"]
[Black "Hirst, Joe"]
[Result "0-1"]
[WhiteElo "1600"]
[BlackElo "1900"]
[PlyCount "40"]
[EventDate "2020.09.17"]
[WhiteTeam "Harrow Juniors B"]
[BlackTeam "Rovers United"]

1. e4 d6 2. d4 Nf6 3. Nc3 Nbd7 4. Bc4 e5 5. d5 Be7 6. h3 c6 7. Be3 c5 8. Nge2
a6 9. a4 O-O 10. O-O Nb6 11. b3 Nxc4 12. bxc4 Ne8 13. Ng3 f5 14. Qd2 f4 15.
Bxf4 exf4 16. Nge2 f3 17. Nf4 Bg5 18. g3 Bxf4 19. gxf4 Bxh3 20. Rfe1 Qh4 0-1

[Event "Junior Online 4NCL Division 2"]
[Site "online"]
[Date "2020.09.17"]
[Round "3.132"]
[White "Evans, Ruben"]
[Black "Parikh, Naavya"]
[Result "0-1"]
[WhiteElo "1750"]
[BlackElo "1420"]
[PlyCount "72"]
[EventDate "2020.09.17"]
[WhiteTeam "Rovers United"]
[BlackTeam "Harrow Juniors B"]

1. d4 d5 2. c4 c6 3. cxd5 cxd5 4. Nc3 Nf6 5. Bf4 a6 6. e3 e6 7. Nf3 Bd6 8. Ne5
Nbd7 9. Bd3 Bxe5 10. dxe5 Ng8 11. Qg4 g6 12. e4 Ne7 13. O-O b5 14. Rac1 Bb7 15.
Qg3 Nc5 16. b4 Nxd3 17. Qxd3 dxe4 18. Qe2 Qd4 19. Nxb5 axb5 20. Qxb5+ Qd7 21.
Qe2 O-O 22. Rfd1 Qe8 23. Bh6 Nf5 24. Bxf8 Qxf8 25. g4 Nh4 26. Qb5 Nf3+ 27. Kh1
Ba6 28. Qc6 Bd3 29. Rxd3 exd3 30. Qxf3 Rxa2 31. Qxd3 Rxf2 32. b5 Rb2 33. Rd1
Qa8+ 34. Qd5 exd5 35. Rd4 Qa1+ 36. Rd1 Qxd1# 0-1

[Event "Junior Online 4NCL Division 2"]
[Site "online"]
[Date "2020.09.17"]
[Round "3.133"]
[White "Jayakumar, Bharath"]
[Black "Conway-Lees, Joe"]
[Result "1-0"]
[WhiteElo "1427"]
[BlackElo "1525"]
[PlyCount "61"]
[EventDate "2020.09.17"]
[WhiteTeam "Harrow Juniors B"]
[BlackTeam "Rovers United"]

1. e4 c6 2. d4 d5 3. exd5 cxd5 4. c4 e6 5. Nc3 Bb4 6. Qa4+ Nc6 7. Bd2 Bxc3 8.
Bxc3 Nf6 9. Nf3 dxc4 10. Bxc4 O-O 11. O-O Bd7 12. Qc2 Re8 13. b3 Na5 14. Bd3
Rc8 15. Qd2 Nc6 16. Rac1 Qe7 17. Ba1 Nb4 18. Bc4 b5 19. Be2 a6 20. Qb2 Rxc1 21.
Rxc1 Rc8 22. Rxc8+ Bxc8 23. a3 Nbd5 24. Ne5 Nd7 25. Nxd7 Bxd7 26. g3 Bc6 27.
Bd3 Ba8 28. Qc2 h6 29. Qc8+ Qf8 30. Bh7+ Kxh7 31. Qxf8 1-0

[Event "Junior Online 4NCL Division 2"]
[Site "online"]
[Date "2020.09.17"]
[Round "3.134"]
[White "Cooper, Dylan E"]
[Black "Evans, Daniel"]
[Result "1-0"]
[WhiteElo "1300"]
[BlackElo "1217"]
[PlyCount "87"]
[EventDate "2020.09.17"]
[WhiteTeam "Rovers United"]
[BlackTeam "Harrow Juniors B"]

1. d4 Nf6 2. Bg5 e6 3. e4 Be7 4. e5 Nd5 5. Bxe7 Nxe7 6. Bd3 Nbc6 7. Nf3 d6 8.
O-O Nb4 9. Be2 O-O 10. a3 Nbd5 11. Bd3 Nf4 12. Be4 Rb8 13. g3 Nfg6 14. exd6
cxd6 15. c4 f5 16. Bc2 e5 17. dxe5 dxe5 18. Bb3 Kh8 19. Qxd8 Rxd8 20. Ng5 Rf8
21. c5 f4 22. Nf7+ Rxf7 23. Bxf7 Bh3 24. Rd1 fxg3 25. hxg3 Rf8 26. Bxg6 Nxg6
27. Nc3 h5 28. Rd6 Kh7 29. Kh2 Bg4 30. Rf1 Rf3 31. Kg2 h4 32. Rh1 Nf4+ 33. gxf4
h3+ 34. Kg1 Rxf4 35. Rd3 e4 36. Re3 Bf3 37. Rxh3+ Kg8 38. Nd5 Rg4+ 39. Rg3 Rh4
40. Rexf3 exf3 41. Rxf3 Rd4 42. Ne7+ Kh7 43. Rh3+ Rh4 44. Rxh4# 1-0

[Event "Junior Online 4NCL Division 2"]
[Site "online"]
[Date "2020.09.17"]
[Round "3.135"]
[White "Hirst, Joe"]
[Black "Khanna, Pranav"]
[Result "1-0"]
[WhiteElo "1900"]
[BlackElo "1600"]
[PlyCount "47"]
[EventDate "2020.09.17"]
[WhiteTeam "Rovers United"]
[BlackTeam "Harrow Juniors B"]

1. e4 e5 2. Nc3 Nf6 3. f4 d6 4. Nf3 Nc6 5. d4 exd4 6. Nxd4 Bg4 7. Nxc6 bxc6 8.
Be2 Bxe2 9. Qxe2 Be7 10. O-O O-O 11. Kh1 d5 12. e5 Nd7 13. Qg4 Nb6 14. f5 g6
15. f6 Bc5 16. Qg5 Re8 17. Qh6 Bf8 18. Qg5 Nd7 19. Bf4 h6 20. Qh4 g5 21. Bxg5
hxg5 22. Qxg5+ Kh8 23. Rf3 Nxf6 24. exf6 1-0

[Event "Junior Online 4NCL Division 2"]
[Site "online"]
[Date "2020.09.17"]
[Round "3.136"]
[White "Parikh, Naavya"]
[Black "Evans, Ruben"]
[Result "0-1"]
[WhiteElo "1420"]
[BlackElo "1750"]
[PlyCount "128"]
[EventDate "2020.09.17"]
[WhiteTeam "Harrow Juniors B"]
[BlackTeam "Rovers United"]

1. e4 e6 2. d4 d5 3. e5 c5 4. c3 Nc6 5. Nf3 Bd7 6. Bd3 Qb6 7. Bc2 cxd4 8. cxd4
Nb4 9. O-O Rc8 10. Bb3 Bb5 11. Re1 Nd3 12. Nc3 Nxe1 13. Qxe1 Bb4 14. Bd2 Bxc3
15. Bxc3 Ne7 16. Bb4 Bc4 17. Ba4+ Nc6 18. b3 Bb5 19. Bc5 Qa6 20. Bxb5 Qxb5 21.
Qd2 b6 22. Bd6 Ne7 23. Qg5 Nf5 24. g4 h6 25. Qf4 Nxd6 26. exd6 O-O 27. g5 Kh7
28. gxh6 gxh6 29. Kh1 f6 30. Rg1 Qd7 31. Nh4 Rg8 32. Qxf6 Rxg1+ 33. Kxg1 Rg8+
34. Kh1 Qg7 35. Qxg7+ Rxg7 36. Ng2 Rd7 37. Nf4 Rxd6 38. Kg2 Kg7 39. Kf3 Kf6 40.
Kg4 e5 41. Nh5+ Ke6 42. Ng7+ Kf7 43. Nf5 Rg6+ 44. Kf3 Rf6 45. Kg4 h5+ 46. Kg5
exd4 47. Nxd4 Rxf2 48. Kxh5 Rxh2+ 49. Kg4 Rxa2 50. Kf3 Kf6 51. Ke3 Ke5 52. Nf3+
Kd6 53. Kd4 Rf2 54. Ne5 Rf4+ 55. Ke3 Kxe5 56. Kd3 Rf3+ 57. Ke2 Ke4 58. Kd2 Rxb3
59. Kc2 Rd3 60. Kb2 Kd4 61. Kc2 Kc4 62. Kb2 Rd2+ 63. Ka3 Re2 64. Ka4 Ra2# 0-1

[Event "Junior Online 4NCL Division 2"]
[Site "online"]
[Date "2020.09.17"]
[Round "3.137"]
[White "Conway-Lees, Joe"]
[Black "Jayakumar, Bharath"]
[Result "0-1"]
[WhiteElo "1525"]
[BlackElo "1427"]
[PlyCount "39"]
[EventDate "2020.09.17"]
[WhiteTeam "Rovers United"]
[BlackTeam "Harrow Juniors B"]

1. e4 c5 2. Nf3 d6 3. d4 cxd4 4. Nxd4 Nf6 5. Nc3 a6 6. Be3 e6 7. Bd3 b5 8. a4
b4 9. Nce2 Bb7 10. Ng3 Nbd7 11. O-O Be7 12. Nh5 Nxh5 13. Qxh5 Nf6 14. Qg5 O-O
15. f3 Nd5 16. Qh5 Nxe3 17. Rfe1 g6 18. Qh3 e5 19. Nb3 Bc8 20. Qg3 0-1

[Event "Junior Online 4NCL Division 2"]
[Site "online"]
[Date "2020.09.17"]
[Round "3.138"]
[White "Evans, Daniel"]
[Black "Cooper, Dylan E"]
[Result "0-1"]
[WhiteElo "1217"]
[BlackElo "1300"]
[PlyCount "138"]
[EventDate "2020.09.17"]
[WhiteTeam "Harrow Juniors B"]
[BlackTeam "Rovers United"]

1. c4 e5 2. g3 Nf6 3. Bg2 d5 4. cxd5 Nxd5 5. Nc3 Nxc3 6. bxc3 Bc5 7. e3 Bb6 8.
Ne2 O-O 9. O-O c5 10. Ba3 Re8 11. Bb2 Qd3 12. f4 e4 13. Nc1 Qb5 14. Rb1 Nc6 15.
f5 c4 16. f6 g6 17. Qc2 Qe5 18. Rf4 Re6 19. Qxe4 Qxe4 20. Bxe4 Bd8 21. Bxc6
Rxc6 22. Ne2 Bxf6 23. Rbf1 Kg7 24. Nd4 Rb6 25. Ba1 Bh3 26. Re1 Be5 27. Rh4 Bd7
28. Nf3 Bf6 29. Rxc4 Be6 30. Rb4 Rxb4 31. cxb4 Bxa2 32. Bxf6+ Kxf6 33. Ra1 Bd5
34. Kf2 a6 35. Ra5 Rd8 36. g4 Bxf3 37. Kxf3 Rxd2 38. h4 Ke6 39. Ke4 Rb2 40.
Re5+ Kd6 41. Rd5+ Ke6 42. Re5+ Kf6 43. g5+ Kg7 44. Kd5 Rxb4 45. Re7 Rxh4 46. e4
Rh5 47. e5 Rxg5 48. Kd6 h5 49. e6 Rf5 50. Rxb7 Rf6 51. Kd5 Rxe6 52. Ra7 h4 53.
Ra8 h3 54. Rc8 h2 55. Rc1 Re2 56. Rh1 g5 57. Kd4 g4 58. Kd3 Ra2 59. Ke3 Kg6 60.
Kf4 Kh5 61. Kg3 f5 62. Kf4 Rf2+ 63. Kg3 Rf3+ 64. Kg2 Rh3 65. Kf2 g3+ 66. Kg2
Kg4 67. Kf1 Kf3 68. Rg1 h1=Q 69. Rxh1 Rxh1# 0-1

[Event "Junior Online 4NCL Division 2"]
[Site "online"]
[Date "2020.09.17"]
[Round "3.141"]
[White "Cimurs, Alexander"]
[Black "Liu, Wenle"]
[Result "0-1"]
[WhiteElo "1292"]
[BlackElo "1162"]
[PlyCount "104"]
[EventDate "2020.09.17"]
[WhiteTeam "Leicestershire Juniors 2"]
[BlackTeam "St Benildus"]

1. e4 e5 2. Nf3 Nc6 3. Bb5 a6 4. Bxc6 dxc6 5. Nxe5 Qd4 6. Nf3 Qxe4+ 7. Qe2
Qxe2+ 8. Kxe2 Nf6 9. d3 Bd6 10. Kd2 O-O 11. Nc3 Re8 12. Kd1 Ng4 13. Ne4 Bb4 14.
h3 Rxe4 15. dxe4 Nxf2+ 16. Ke2 Nxh1 17. Bf4 Be6 18. a3 Bc4+ 19. Ke3 Bc5+ 20.
Kd2 Nf2 21. Bxc7 Nxe4+ 22. Ke1 Bf2+ 23. Kd1 Rc8 24. Bb6 Bxb6 25. c3 Bb3+ 26.
Ke2 Ng3+ 27. Kd2 Rd8+ 28. Nd4 Bxd4 29. cxd4 Rxd4+ 30. Kc3 Rd1 31. Rxd1 Bxd1 32.
b4 Kf8 33. Kc4 Be2+ 34. Kc5 Bb5 35. Kb6 Ke7 36. Kxb7 Ne2 37. Kb6 Nd4 38. Ka5
Nc2 39. a4 Bf1 40. b5 cxb5 41. axb5 axb5 42. Kb6 b4 43. Kc5 b3 44. Kd5 b2 45.
Ke4 Bxg2+ 46. Kd3 b1=Q 47. h4 Qd1+ 48. Kc3 Be4 49. h5 Qd4+ 50. Kb3 Qb4+ 51. Ka2
Qa3+ 52. Kb1 Qa1# 0-1

[Event "Junior Online 4NCL Division 2"]
[Site "online"]
[Date "2020.09.17"]
[Round "3.142"]
[White "Hand, Joseph"]
[Black "Eradi, Madhav"]
[Result "0-1"]
[WhiteElo "1092"]
[BlackElo "1292"]
[PlyCount "114"]
[EventDate "2020.09.17"]
[WhiteTeam "St Benildus"]
[BlackTeam "Leicestershire Juniors 2"]

1. e4 e5 2. f4 Nc6 3. Nf3 f6 4. Bc4 Bc5 5. d3 exf4 6. Bxf4 d6 7. Nc3 Bg4 8. Nd5
Nd4 9. c3 Nxf3+ 10. gxf3 Be6 11. d4 Bb6 12. Nxb6 axb6 13. Bxe6 Qe7 14. Bxg8
Rxg8 15. Qb3 Rf8 16. O-O-O g5 17. Bg3 O-O-O 18. Qa4 h5 19. h4 gxh4 20. Rxh4 Kb8
21. Rxh5 Qf7 22. Rf5 Qg6 23. Bf2 Qh6+ 24. Rf4 Qxf4+ 25. Kb1 Qxf3 26. Qc2 d5 27.
e5 fxe5 28. dxe5 Qxf2 29. Qb3 Qf5+ 30. Ka1 Qf1 31. a3 Qc4 32. Qc2 Qe4 33. Qh2
Rf5 34. Rd4 Qe1+ 35. Ka2 Rxe5 36. Ra4 Re2 37. Qf4 Rf2 38. Qb4 d4 39. cxd4 Qxb4
40. Rxb4 c5 41. dxc5 bxc5 42. Rc4 b6 43. Rc3 Kc7 44. a4 Kc6 45. Re3 Ra8 46. Ka3
b5 47. b3 bxa4 48. bxa4 Kd5 49. Rd3+ Kc4 50. Rb3 Re8 51. a5 Ra8 52. Ka4 Ra2+
53. Ra3 Rxa3+ 54. Kxa3 Rxa5+ 55. Kb2 Kd3 56. Kb3 Rb5+ 57. Ka4 Kc4 0-1

[Event "Junior Online 4NCL Division 2"]
[Site "online"]
[Date "2020.09.17"]
[Round "3.143"]
[White "Sinha, Aarav"]
[Black "Bueckert, Diana"]
[Result "0-1"]
[WhiteElo "1217"]
[BlackElo "965"]
[PlyCount "38"]
[EventDate "2020.09.17"]
[WhiteTeam "Leicestershire Juniors 2"]
[BlackTeam "St Benildus"]

1. e4 e6 2. Nf3 d5 3. exd5 exd5 4. d4 Nf6 5. Bf4 c5 6. Nc3 Be6 7. b4 cxb4 8.
Nb5 Na6 9. Be2 Be7 10. O-O O-O 11. a3 bxa3 12. Nxa3 Ne4 13. h4 Bxh4 14. g3 Bf6
15. Be5 Nc3 16. Qd3 Nxe2+ 17. Qxe2 Bg4 18. c4 Bxe5 19. Nxe5 Bxe2 0-1

[Event "Junior Online 4NCL Division 2"]
[Site "online"]
[Date "2020.09.17"]
[Round "3.144"]
[White "Gubala, Max"]
[Black "Shen, Alex"]
[Result "1-0"]
[WhiteElo "700"]
[BlackElo "1195"]
[PlyCount "39"]
[EventDate "2020.09.17"]
[WhiteTeam "St Benildus"]
[BlackTeam "Leicestershire Juniors 2"]

1. d4 d5 2. c4 dxc4 3. e4 Bg4 4. Qxg4 Nf6 5. Qd1 Nxe4 6. Nc3 Nf6 7. Bxc4 e6 8.
Bg5 Bb4 9. Nge2 Bxc3+ 10. Nxc3 O-O 11. O-O c6 12. Ne4 Nbd7 13. Qf3 a6 14. Rfe1
b5 15. Bb3 a5 16. Nd6 a4 17. Bc2 Qc7 18. Ne4 Nxe4 19. Qxe4 Rae8 20. Qxh7# 1-0

[Event "Junior Online 4NCL Division 2"]
[Site "online"]
[Date "2020.09.17"]
[Round "3.145"]
[White "Liu, Wenle"]
[Black "Cimurs, Alexander"]
[Result "1-0"]
[WhiteElo "1162"]
[BlackElo "1292"]
[PlyCount "83"]
[EventDate "2020.09.17"]
[WhiteTeam "St Benildus"]
[BlackTeam "Leicestershire Juniors 2"]

1. e4 e5 2. Nf3 Nc6 3. Bc4 Bc5 4. Nc3 Nf6 5. d3 h6 6. Be3 Bxe3 7. fxe3 Ng4 8.
Qe2 O-O 9. O-O-O Nf6 10. d4 d6 11. dxe5 dxe5 12. Rxd8 Rxd8 13. Nd5 Nxd5 14.
Bxd5 Ne7 15. Rd1 Bg4 16. h3 Bxf3 17. Qxf3 c6 18. Qxf7+ Kh8 19. Qxe7 cxd5 20.
Rxd5 Re8 21. Qxb7 a5 22. Rd7 Rab8 23. Qd5 Rf8 24. Qxe5 Rg8 25. Rd6 Rge8 26.
Rxh6+ Kg8 27. Qd5+ Kf8 28. Rh8+ Ke7 29. Rxe8+ Rxe8 30. Qe5+ Kd7 31. Qxg7+ Kc6
32. Qd4 Kb7 33. Qd7+ Kb6 34. Qxe8 Kc5 35. Qd7 Kb6 36. Qd6+ Kb7 37. c4 Ka7 38.
c5 Kb7 39. Qb6+ Kc8 40. c6 a4 41. Qb7+ Kd8 42. Qd7# 1-0

[Event "Junior Online 4NCL Division 2"]
[Site "online"]
[Date "2020.09.17"]
[Round "3.146"]
[White "Eradi, Madhav"]
[Black "Hand, Joseph"]
[Result "0-1"]
[WhiteElo "1292"]
[BlackElo "1092"]
[PlyCount "118"]
[EventDate "2020.09.17"]
[WhiteTeam "Leicestershire Juniors 2"]
[BlackTeam "St Benildus"]

1. e4 e6 2. d4 d5 3. e5 Nc6 4. Nf3 f6 5. Bf4 g5 6. Bg3 Bg7 7. Bd3 fxe5 8. dxe5
g4 9. Nh4 Nxe5 10. Bxe5 Bxe5 11. Qxg4 Nf6 12. Qf3 Bxb2 13. c3 Bxa1 14. O-O e5
15. Qe3 d4 16. cxd4 Bxd4 17. Qe2 Bg4 18. Nf3 Qd5 19. Bc4 Bxf3 20. Qxf3 Qxf3 21.
gxf3 O-O-O 22. Be6+ Kb8 23. Bh3 Rhg8+ 24. Kh1 Rdf8 25. Be6 Rg7 26. Rc1 Bxf2 27.
Na3 Be3 28. Re1 Bc5 29. Nc4 Bd4 30. Nxe5 Bxe5 31. Rxe5 Re8 32. f4 Ng4 33. Rd5
c6 34. Rd7 Rxd7 35. Bxd7 Re1+ 36. Kg2 Ne3+ 37. Kf2 Rd1 38. Bh3 Nd5 39. f5 Nf6
40. Kf3 Kc7 41. Kf4 Kd6 42. Kg5 Ke7 43. Kf4 Rd2 44. Kg3 Rxa2 45. Bg2 a5 46. h3
h6 47. Kf4 Rxg2 48. Ke3 Rg3+ 49. Kd4 Kd6 50. Kc4 Re3 51. Kd4 Re5 52. Kc4 Rd5
53. Kb3 Kc5 54. Ka4 Kc4 55. Ka3 Rb5 56. Ka4 b6 57. Ka3 Kc3 58. Ka4 Rb1 59. Ka3
Ra1# 0-1

[Event "Junior Online 4NCL Division 2"]
[Site "online"]
[Date "2020.09.17"]
[Round "3.147"]
[White "Bueckert, Diana"]
[Black "Sinha, Aarav"]
[Result "1-0"]
[WhiteElo "965"]
[BlackElo "1217"]
[PlyCount "35"]
[EventDate "2020.09.17"]
[WhiteTeam "St Benildus"]
[BlackTeam "Leicestershire Juniors 2"]

1. d4 d5 2. Nf3 Bf5 3. c4 c5 4. e3 Nc6 5. Nc3 dxc4 6. Bxc4 Nf6 7. O-O cxd4 8.
exd4 e6 9. Bf4 Bd6 10. Ne5 O-O 11. Bb5 Nb4 12. a3 Nc2 13. Rc1 a6 14. Ba4 Nxd4
15. Qxd4 b5 16. Bb3 a5 17. Nc6 Qd7 18. Qxd6 1-0

[Event "Junior Online 4NCL Division 2"]
[Site "online"]
[Date "2020.09.17"]
[Round "3.148"]
[White "Shen, Alex"]
[Black "Gubala, Max"]
[Result "0-1"]
[WhiteElo "1195"]
[BlackElo "700"]
[PlyCount "90"]
[EventDate "2020.09.17"]
[WhiteTeam "Leicestershire Juniors 2"]
[BlackTeam "St Benildus"]

1. e4 c5 2. Nf3 Nc6 3. Bc4 e6 4. Nc3 a6 5. d3 g6 6. Be3 b5 7. Bb3 d6 8. O-O Bg7
9. Qd2 Nge7 10. Rad1 Bb7 11. Rfe1 Nc8 12. Bg5 Qd7 13. Qf4 O-O 14. Bh6 e5 15.
Qg5 Nd4 16. Bxg7 Kxg7 17. Nxd4 cxd4 18. Ne2 f6 19. Qg3 d5 20. exd5 Bxd5 21. c4
Be6 22. cxb5 Bxb3 23. axb3 Qxb5 24. Rc1 Nd6 25. Red1 Nf5 26. Qf3 Nh4 27. Qg3
Nf5 28. Qf3 Ra7 29. Rc2 Qxb3 30. Rdd2 Rff7 31. Qe4 Rac7 32. Rxc7 Rxc7 33. Kh1
Rf7 34. Qa8 Ne3 35. Qxa6 Rb7 36. fxe3 dxe3 37. Rc2 Rf7 38. Rc1 Qxb2 39. Re1 Qd2
40. Rg1 Qxe2 41. Qa7 Rxa7 42. d4 exd4 43. h4 Ra2 44. Rf1 Qxf1+ 45. Kh2 Qxg2#
0-1

[Event "Junior Online 4NCL Division 2"]
[Site "online"]
[Date "2020.09.17"]
[Round "3.151"]
[White "Vaidyanathan, Sathya"]
[Black "Atkinson, Matthew"]
[Result "0-1"]
[WhiteElo "1285"]
[BlackElo "1255"]
[PlyCount "134"]
[EventDate "2020.09.17"]
[WhiteTeam "Warwickshire Bears E"]
[BlackTeam "SASCA Sharks"]

1. e4 e5 2. Nf3 Nc6 3. Bc4 Bc5 4. c3 Nf6 5. d4 Bd6 6. d5 Na5 7. Bd3 c6 8. dxc6
Nxc6 9. Bg5 Be7 10. O-O h6 11. Be3 d5 12. exd5 Nxd5 13. c4 Nxe3 14. fxe3 Bf6
15. e4 Nb4 16. Be2 Qxd1 17. Bxd1 Bg4 18. a3 Bxf3 19. Rxf3 O-O-O 20. Nc3 Nc6 21.
b4 Nd4 22. Rf1 Be7 23. c5 Bg5 24. Ne2 Be3+ 25. Kh1 Nxe2 26. Bxe2 Bd4 27. Rfd1
Bxa1 28. Rxa1 Rd2 29. Bg4+ Kc7 30. Rf1 f6 31. b5 h5 32. Be6 Rhd8 33. h3 Rd1 34.
Rxd1 Rxd1+ 35. Kh2 Rc1 36. Bf7 Rxc5 37. Bxh5 Rxb5 38. Be2 Rb2 39. Bc4 Rc2 40.
Bb3 Rc3 41. Bd5 Rxa3 42. g4 Ra2+ 43. Kg3 Re2 44. h4 Kd6 45. g5 Re3+ 46. Kg4 Rd3
47. gxf6 gxf6 48. Kf5 Rh3 49. Bxb7 Rxh4 50. Kxf6 Rh6+ 51. Kf5 Rh5+ 52. Kf6 a5
53. Bd5 a4 54. Kg6 Rh2 55. Kf5 a3 56. Kg4 Rd2 57. Bc4 Rd4 58. Bd5 Rxd5 59. exd5
Kxd5 60. Kf3 a2 61. Ke2 a1=Q 62. Kd3 Qd4+ 63. Ke2 Ke4 64. Ke1 Qb2 65. Kf1 Kf3
66. Kg1 Kg3 67. Kh1 Qg2# 0-1

[Event "Junior Online 4NCL Division 2"]
[Site "online"]
[Date "2020.09.17"]
[Round "3.152"]
[White "Harper, Luke"]
[Black "Sagyaman, Vassily M"]
[Result "1-0"]
[WhiteElo "1225"]
[BlackElo "1345"]
[PlyCount "53"]
[EventDate "2020.09.17"]
[WhiteTeam "SASCA Sharks"]
[BlackTeam "Warwickshire Bears E"]

1. d4 d5 2. c4 e6 3. e3 Nf6 4. Nf3 Bb4+ 5. Bd2 O-O 6. Bxb4 Nbd7 7. Bxf8 Qxf8 8.
cxd5 exd5 9. Be2 b6 10. O-O Bb7 11. Nc3 Qe7 12. Re1 Re8 13. Bb5 c6 14. Bd3 c5
15. Bb5 cxd4 16. Nxd4 Ne5 17. Bxe8 Nxe8 18. Nf5 Qf6 19. Ng3 Qc6 20. Qa4 Qc8 21.
Nf5 Kf8 22. Qb4+ Qc5 23. Qxc5+ bxc5 24. Rac1 Nf6 25. Red1 Ne4 26. Nxe4 dxe4 27.
Rd8# 1-0

[Event "Junior Online 4NCL Division 2"]
[Site "online"]
[Date "2020.09.17"]
[Round "3.153"]
[White "Guha, Anuraag"]
[Black "Pennington, Jonathan"]
[Result "0-1"]
[WhiteElo "1277"]
[BlackElo "1075"]
[PlyCount "26"]
[EventDate "2020.09.17"]
[WhiteTeam "Warwickshire Bears E"]
[BlackTeam "SASCA Sharks"]

1. e4 e5 2. Nf3 Nc6 3. Bc4 Bb4 4. Ng5 Qxg5 5. O-O d6 6. Qf3 Nf6 7. d3 Qg6 8. c3
Bc5 9. b4 Bxb4 10. cxb4 Nd4 11. Qd1 Bh3 12. Qa4+ c6 13. Qd1 Qxg2# 0-1

[Event "Junior Online 4NCL Division 2"]
[Site "online"]
[Date "2020.09.17"]
[Round "3.154"]
[White "Dewis, Oliver"]
[Black "Madoc, Arthur"]
[Result "0-1"]
[WhiteElo "1075"]
[BlackElo "1285"]
[PlyCount "66"]
[EventDate "2020.09.17"]
[WhiteTeam "SASCA Sharks"]
[BlackTeam "Warwickshire Bears E"]

1. d4 c5 2. c4 cxd4 3. Qxd4 Nc6 4. Qc3 Nf6 5. e3 e6 6. Nf3 Bb4 7. Qxb4 Nxb4 8.
a3 Nc2+ 9. Kd1 Nxa1 10. Ne5 d6 11. Nf3 O-O 12. Bd3 e5 13. b4 e4 14. Be2 exf3
15. Bxf3 Nb3 16. e4 Bg4 17. Bg5 Bxf3+ 18. gxf3 h6 19. Bf4 Nd4 20. Rg1 Nxf3 21.
Rg2 Nh5 22. Bg3 Nxg3 23. Rxg3 Ne5 24. f4 Nxc4 25. Rc3 b5 26. a4 Qb6 27. axb5
Qxb5 28. Na3 Nxa3 29. Rxa3 Qxb4 30. Ra2 Qb1+ 31. Ke2 Qxa2+ 32. Ke1 Rab8 33. Kd1
Rb1# 0-1

[Event "Junior Online 4NCL Division 2"]
[Site "online"]
[Date "2020.09.17"]
[Round "3.155"]
[White "Atkinson, Matthew"]
[Black "Vaidyanathan, Sathya"]
[Result "1-0"]
[WhiteElo "1255"]
[BlackElo "1285"]
[PlyCount "53"]
[EventDate "2020.09.17"]
[WhiteTeam "SASCA Sharks"]
[BlackTeam "Warwickshire Bears E"]

1. e4 e5 2. Nf3 Nc6 3. Bc4 Bc5 4. d3 h6 5. Nc3 Nf6 6. O-O d6 7. Qe2 O-O 8. Be3
Nd4 9. Qd1 Nxf3+ 10. Qxf3 Bxe3 11. Qxe3 b6 12. Nd5 Nxd5 13. Bxd5 Rb8 14. f4 Be6
15. Bxe6 fxe6 16. f5 exf5 17. Rxf5 Rxf5 18. exf5 Qf6 19. Qe4 Rf8 20. Rf1 g6 21.
g4 g5 22. Qb7 e4 23. Qxe4 Qxb2 24. Qe6+ Kh8 25. Qxh6+ Kg8 26. f6 Qxc2 27. Qg7#
1-0

[Event "Junior Online 4NCL Division 2"]
[Site "online"]
[Date "2020.09.17"]
[Round "3.156"]
[White "Sagyaman, Vassily M"]
[Black "Harper, Luke"]
[Result "0-1"]
[WhiteElo "1345"]
[BlackElo "1225"]
[PlyCount "56"]
[EventDate "2020.09.17"]
[WhiteTeam "Warwickshire Bears E"]
[BlackTeam "SASCA Sharks"]

1. e4 e5 2. Nf3 f5 3. exf5 d6 4. Bc4 h6 5. O-O Bxf5 6. Re1 Nc6 7. c3 Qd7 8. d4
e4 9. d5 Na5 10. Bb3 Nxb3 11. Qxb3 O-O-O 12. Nd4 a6 13. Be3 Nf6 14. Nxf5 Qxf5
15. Nd2 Nxd5 16. Nc4 Nxe3 17. Rxe3 Be7 18. Na5 Qxa5 19. Rxe4 Qf5 20. Rxe7 Rhf8
21. Rf1 Rf6 22. Qc4 c6 23. Qb3 Rd7 24. Re8+ Rd8 25. Re7 Rd7 26. Rfe1 Qxf2+ 27.
Kh1 Qf1+ 28. Rxf1 Rxf1# 0-1

[Event "Junior Online 4NCL Division 2"]
[Site "online"]
[Date "2020.09.17"]
[Round "3.157"]
[White "Pennington, Jonathan"]
[Black "Guha, Anuraag"]
[Result "1-0"]
[WhiteElo "1075"]
[BlackElo "1277"]
[PlyCount "145"]
[EventDate "2020.09.17"]
[WhiteTeam "SASCA Sharks"]
[BlackTeam "Warwickshire Bears E"]

1. d4 d5 2. c4 e6 3. Bf4 Nf6 4. e3 Nc6 5. cxd5 exd5 6. Bb5 Bd7 7. Nf3 Bb4+ 8.
Nc3 O-O 9. O-O a6 10. Bxc6 Bxc6 11. Ne5 Bb5 12. Nxb5 axb5 13. Qf3 c6 14. Bg5
Be7 15. Qg3 h6 16. Bxh6 Nh5 17. Qg4 Kh7 18. Qxh5 gxh6 19. Qf5+ Kg7 20. Qg4+ Bg5
21. h4 f5 22. Qg3 Qf6 23. Nd7 f4 24. exf4 Qxf4 25. Nxf8 Rxf8 26. hxg5 Qxg5 27.
Qxg5+ hxg5 28. Rae1 Rf4 29. Re6 Rxd4 30. Rfe1 b6 31. R1e5 Rd1+ 32. Kh2 g4 33.
Rg5+ Kf7 34. Rh6 Rd4 35. Rf5+ Kg7 36. Rff6 Re4 37. Rfg6+ Kf7 38. Rxc6 Re7 39.
Rhf6+ Ke8 40. Rh6 Kd7 41. Rxb6 Kc7 42. Rhc6+ Kd7 43. Ra6 Rh7+ 44. Kg3 Re7 45.
Rc5 d4 46. Rg5 d3 47. Rd5+ Kc7 48. Rxd3 b4 49. a3 Re4 50. axb4 Rxb4 51. Rc3+
Kb7 52. Raa3 Rxb2 53. Rcb3+ Rxb3+ 54. Rxb3+ Kc6 55. f3 gxf3 56. Kxf3 Kd5 57. g4
Ke5 58. g5 Kf5 59. Rb5+ Kg6 60. Re5 Kh5 61. Kf4 Kg6 62. Rf5 Kg7 63. Rf6 Kh7 64.
g6+ Kg7 65. Kg5 Kh8 66. Kh6 Kg8 67. Ra6 Kf8 68. g7+ Kg8 69. Ra8+ Kf7 70. g8=Q+
Ke7 71. Ra6 Kd7 72. Qg7+ Kc8 73. Ra8# 1-0